Statistiques concernant Stations de la ligne 14 prolongée du métro parisien sur le plan

Cliquez ici pour prendre le quiz!

Statistiques générales

  • Ce quiz a été pris 87 fois
  • Le résultat moyen est 15 sur 21

Réponses sur la Carte

Les réponses sont colorées sur une échelle allant du rouge au vert en fonction du pourcentage des utilisateurs qui les ont devinées à leur premier essai. Vous pouvez retrouver ces pourcentages ci-dessous.
 

Statistiques - réponses

Réponse% Correct
Châtelet
99%
Saint-Lazare
97%
Gare de Lyon
96%
Olympiades
96%
Bibliothèque François Mitterrand
93%
Bercy
92%
Pyramides
92%
Mairie de Saint-Ouen
90%
Madeleine
88%
Pont Cardinet
85%
Cour Saint-Émillion
84%
Saint-Ouen
84%
Porte de Clichy
81%
Aéroport d'Orly
74%
Maison Blanche
53%
Saint-Denis – Pleyel
53%
Villejuif – Gustave Roussy
36%
Hôpital Bicêtre
33%
Thiais – Orly
32%
L'Haÿ-les-Roses
30%
Chevilly-Larue
27%

Distribution des résultats

Percentile par nombre de réponses

% des personnes avec chaque résultat

Votre développement - résultats

Vous n’avez pas pris ce quiz